Statistiques concernant 15 principaux pays touchés par Covid-19 - 23 mars 2022

Cliquez ici pour prendre le quiz!

Statistiques générales

  • Ce quiz a été pris 33 fois
  • Le résultat moyen est 14 sur 29

Statistiques - réponses

pays% Correct
France
97%
États-Unis
93%
Italie
93%
Royaume-Uni
87%
Allemagne
83%
Espagne
83%
Russie
83%
Brésil
80%
Inde
70%
Portugal
67%
Argentine
53%
Belgique
50%
Suisse
47%
Corée du Sud
43%
Danemark
43%
Pays-Bas
43%
Pays-Bas
43%
Autriche
37%
Turquie
30%
Tchèquie
23%
Viêt Nam
23%
Iran
20%
Slovénie
17%
Israël
13%
Chypre
10%
Estonie
7%
Lettonie
7%
Lituanie
7%
Géorgie
3%

Distribution des résultats

Percentile par nombre de réponses

% des personnes avec chaque résultat

Votre développement - résultats

Vous n’avez pas pris ce quiz